000 00470nam a2200145Ia 4500
008 220214s9999 xx 000 0 und d
022 _a0019-6401
245 0 _aIndian Spices
260 _bThe Spices Export Promotion Council, Cochin
_aIndia
310 _aM
500 _aEnding Volume & Year: 25, 1988
500 _aMissing Volume: 2;3;9;13(4);14(1,4);16(4);17(3-4);20(3-4);21(1,2);22(2-4);23;24(4);25(1,4)
500 _aStarting Volume & Year: 1, 1964
942 _cBJ
999 _c12830
_d12830